Responses for Show #3780 - Friday, January 26, 2001

Contestants

[<< previous game]

Lawrence Hidaka, a library assistant from Las Vegas, Nevada

Aaron Kilmer, a graduate student from Pasadena, California

Ron Shinkman, a journalist from Sherman Oaks, California (whose 1-day cash winnings total $16,401)

[next game >>]

Jeopardy! Round responses

U.S. GEOGRAPHY
BUTTER
GONE TOO SOON
CRAYOLA CRAYON COLORS
(Alex: There's a category!)
NONFICTION
BEATLES' SONGS IN OTHER WORDS
    $100 6
Gulf of Mexico

Aaron
    $100 21
Churn

Ron
    $100 16
Chris Farley

Ron
    $100 11
Pink

Ron
    $100 1
Tom Brokaw

Lawrence
    $100 23
"Yellow Submarine"

Aaron
    $200 7
Potomac

Aaron
    $200 22
Minnesota

Lawrence
    $200 17
(2 of) The Big Bopper, Buddy Holly or Ritchie Valens

Lawrence
    $200 12
Fuzzy Wuzzy

Ron
    $200 2
"Angela's Ashes"

Ron
    $200 27
"Paperback Writer"

Lawrence
    $300 8
Wisconsin

Ron
    $300 24
Fabio

Aaron
    $300 18
River Phoenix

Lawrence
    $300 13
Gold, silver &/or copper

Aaron
    $300 3
Bob Woodward

Ron
    $300 28
"Hello Goodbye"

Lawrence
    $400 9
(R: What is St. Louis?)

Toledo

RonAaron
    $400 25
Remove a butter stain

Ron
    $400 19
Payne Stewart

Ron
    $400 14
Midnight Blue

Triple Stumper
    $400 4
Judy Garland

Triple Stumper
    $400 29
(R: What is "Penny Lane?")

"The Long and Winding Road"

RonAaron
    $500 10
Massachusetts

Aaron
    $500 26
(Alex: Even though Kiev is in Ukraine.)

Chicken Kiev

Aaron
    $500 20
Natalie Wood

Aaron
    $500 15
(R: What is Wild Strawberries?)

Wild Strawberry

RonLawrence
    $500 5
"What to Expect When You're Expecting"

Lawrence
    $500 30
"Day Tripper"

Lawrence

Scores at the first commercial break (after clue 15):

Ron Aaron Lawrence
$200 $1,500 $1,100

Scores at the end of the Jeopardy! Round:

Ron Aaron Lawrence
$800 $3,300 $2,800

Double Jeopardy! Round responses

THE WAR OF 1812
OCCUPATIONS
IMAX FILMS
MARRY MARY
QUITE CONTRARY
HOW DOES YOUR GARDEN GROW?
    $200 1
Francis Scott Key

Ron
    $200 6
Engineer

Triple Stumper
    $200 12
Leonard Nimoy

Aaron
    $200 21
Mary Baker (Eddy)

Lawrence
    $200 26
Dull

Aaron
    $200 11
Trees

Lawrence
    $400 2
Andrew Jackson

Ron
    $400 7
Warden

Ron
    $400 14
Michael Jordan

Lawrence
    $400 22
(R: Who is Dean Aitcheson?)
(L: Who is Mondale?)

Al Gore

RonLawrence
Triple Stumper
    $400 27
Dandy

Ron
    $400 13
Honeydew

Lawrence
    $600 3
U.S.S. Constitution ("Old Ironsides")

Ron
    $600 8
Weaver

Triple Stumper
    $600 15
Siegfried & Roy

Lawrence
    $600 23
(R: Who was Pickford?)

Douglas Fairbanks

RonAaron
    $600 28
Spruce

Triple Stumper
    $600 17
Pruning shears

Lawrence
    $800 4
Henry Clay

Ron
    $800 9
Croupier

Aaron
    $800 16
(R: What is a hurricane?)

El Nino

RonAaron
    $800 24
Mary Higgins (Clark)

Aaron
    $200 29
(R: What is brake?)

Tire

Ron
    $800 19
Gills

Triple Stumper
    $1000 5
Toronto

Aaron
    $1000 10
Steeplejack

Triple Stumper
    $1000 18
Mir

Aaron
    $1,000 25
(Aaron: Who was Mary Shelley?)
(Alex: You have to beware of responding too quickly, gentlemen.)

Percy Bysshe Shelley

Aaron
    $1000 30
Blithe

Ron
    $1000 20
(R: What is soda?)

Potassium

Ron
Triple Stumper

Scores at the end of the Double Jeopardy! Round:

Ron Aaron Lawrence
$1,600 $7,700 $4,800

[wagering suggestions for these scores]

Final Jeopardy! Round responses

POTENT POTABLES
(Alex: We're talking about these, weren't we, fellas?)
RonWhat is a Manhattan?
$1,500
LawrenceWhat is a boilermaker
$1,001
AaronWhat is a Manhattan?
$2,000
Manhattan

Final scores:

Ron Aaron Lawrence
$3,100 $9,700 $3,799
3rd place: ReplayTV System & Service New champion: $9,700 2nd place: Trip to Oahu, Hawaii courtesy of Yahoo! Travel

Game dynamics:

Coryat scores:

Ron Aaron Lawrence
$1,800 $8,700 $4,800
16 R,
8 W
(including 1 DD)
18 R
(including 1 DD),
1 W
(including 1 DD)
15 R,
1 W

Combined Coryat: $15,300

[game clues] [game scores] [suggest correction]

Game tape date: 2000-11-08
The J! Archive is created by fans, for fans. Scraping, republication, monetization, and malicious use prohibited; this site may use cookies and collect identifying information. See terms. The Jeopardy! game show and all elements thereof, including but not limited to copyright and trademark thereto, are the property of Jeopardy Productions, Inc. and are protected under law. This website is not affiliated with, sponsored by, or operated by Jeopardy Productions, Inc. Join the discussion at JBoard.tv.